Indian agricultural heritage: (Record no. 158060)

MARC details
000 -LEADER
fixed length control field 00729nam a22002057a 4500
005 - DATE AND TIME OF LATEST TRANSACTION
control field 20181016104004.0
010 ## - LCCN (DPL NO)
LC control number ENG-124284
020 ## - INTERNATIONAL STANDARD BOOK NUMBER
Terms of availability 100.00
035 ## - SYSTEM CONTROL NUMBER
System control number EN-107816
037 ## - SOURCE OF ACQUISITION
Source of stock number/acquisition DBAD/PUB
082 ## - DEWEY DECIMAL CLASSIFICATION NUMBER
Classification number 338.10954
245 ## - TITLE STATEMENT
Title Indian agricultural heritage:
Statement of responsibility, etc compiled by Chitturi B S Subrahmanyam
Remainder of title [C.400 BCE- 1700 CE] /
260 ## - PUBLICATION, DISTRIBUTION, ETC. (IMPRINT)
Place of publication, distribution, etc Secunderabad
Name of publisher, distributor, etc Asian Agri- History Foundation
Date of publication, distribution, etc 2014
260 ## - PUBLICATION, DISTRIBUTION, ETC. (IMPRINT)
Place of publication, distribution, etc Bengaluru
Name of publisher, distributor, etc Green Infrastructure Projects Pvt. Ltd.
Date of publication, distribution, etc 2014
270 ## - ADDRESS
City Bengaluru
Postal code 560010
Address 1097, 18th B Main, 5th Block, Rajaji Nagar
300 ## - PHYSICAL DESCRIPTION
Extent 224p.
Dimensions 24cm(pbk)
Other physical details ill.
500 ## - GENERAL NOTE
General note Agri-History bulletin no-10
700 ## - ADDED ENTRY--PERSONAL NAME
Personal name Subrahmanyam, Chitturi B S
942 ## - ADDED ENTRY ELEMENTS (KOHA)
Source of classification or shelving scheme Dewey Decimal Classification
Item type English Books
Call number suffix IND
Classification part 338.10954
Holdings
Withdrawn status Lost status Not for loan Collection code Home library Current library Date acquired Source of acquisition Cost, normal purchase price Full call number Barcode Copy number Cost, replacement price Koha item type
    Not For Loan Non-fiction D.B.Act.Division Bawana 12/11/2018 DBAD/PUB 100.00 338.10954 IND EN-107816 1 100.00 English Books

© Delhi Public Library
Hit Counter
free hit counter